Les footballeurs de Ligue 1 méconnus (2022-2023) - Statistiques

Statistiques générales
  • Ce quiz a été pris 51 fois
  • Le résultat moyen est 7 sur 16
Statistiques - réponses
Par images Réponse % Correct
Dimitri Lienard
83%
Sebastien Corchia
70%
Myron Boadu
68%
Birger Meling
66%
Issa Kabore
53%
Ado Onaiwu
51%
Gaetan Perrin
40%
Akim Zedadka
38%
Mattia Viti
32%
Batista Mendy
28%
Jens Cajuste
28%
Pedro Mendes
28%
Haris Belkebla
26%
Ike Ugbo
21%
Dango Ouattara
17%
Mateusz Wieteska
17%
Aucun quiz correspondant
Distribution des résultats
% des personnes avec chaque résultat
Percentile par nombre de réponses
Votre historique - résultats
Vous n’avez pas pris ce quiz